[Event "ROM-chT (Women)"]
[Site "Calarasi"]
[Date "1995.??.??"]
[Round "?"]
[White "Orita, Ana Maria"]
[Black "Marin, Irina Luiza"]
[Result "0-1"]
[WhiteElo "2090"]
[BlackElo "2261"]
[PlyCount "76"]
[EventDate "1995.??.??"]
[EventType "team"]
[EventRounds "9"]
[EventCountry "ROU"]
[SourceTitle "EXT 1999"]
[Source "ChessBase"]
[SourceDate "1998.11.16"]
[SourceVersion "1"]
[SourceVersionDate "1998.11.16"]
[SourceQuality "1"]

1. d4 d5 2. c4 c6 3. Nf3 Nf6 4. cxd5 cxd5 5. Bf4 Nc6 6. Nc3 a6 7. e3 Bg4 8. h3 Bxf3 9. gxf3 e6 10. Bd3 Bd6 11. Bxd6 Qxd6 12. f4 g6 13. a3 Rc8 14. Rc1 Rc7 15. Na4 Ke7 16. Nc5 Rhc8 17. 0-0 Nh5 18. Be2 Ng7 19. Qd2 Kf8 20. b4 Qe7 21. a4 Nd8 22. b5 axb5 23. axb5 Nf5 24. b6 Rc6 25. Bb5 Rd6 26. Nd7+ Rxd7 27. Rxc8 Rd6 28. Rc7 Qh4 29. Kh2 Rxb6 30. Bd3 Nd6 31. Qa2 Kg7 32. Rc2 Nc6 33. Qa8 Nb4 34. Rd2 Nxd3 35. Rxd3 Rb2 36. Qa3 Rxf2+ 37. Rxf2 Qxf2+ 38. Kh1 Ne4 0-1

[Event "ROM-chT"]
[Site "Romania"]
[Date "1994.??.??"]
[Round "?"]
[White "Orita, Ana Maria"]
[Black "Baciu, Anca Otilia"]
[Result "1/2-1/2"]
[WhiteElo "2040"]
[BlackElo "2190"]
[PlyCount "52"]
[EventDate "1994.??.??"]
[EventType "team"]
[EventRounds "10"]
[EventCountry "ROU"]
[SourceTitle "EXT 1997"]
[Source "ChessBase"]
[SourceDate "1996.11.15"]
[SourceVersion "1"]
[SourceVersionDate "1996.11.15"]
[SourceQuality "1"]

1. d4 Nf6 2. c4 e6 3. Nc3 d5 4. Bg5 Be7 5. e3 h6 6. Bh4 0-0 7. Qc2 b6 8. Nf3 Bb7 9. Rd1 Nbd7 10. Be2 dxc4 11. Bxc4 Nd5 12. Bxe7 Qxe7 13. 0-0 Nxc3 14. Qxc3 c5 15. d5 exd5 16. Bxd5 Bxd5 17. Rxd5 Nf6 18. Rd3 Rad8 19. Rfd1 Rfe8 20. Qc4 Ne4 21. h3 Rxd3 22. Qxd3 Kf8 23. b3 Qb7 24. Nd2 Nxd2 25. Rxd2 Qe4 26. Qxe4 Rxe4 1/2-1/2

[Event "ROM-chT"]
[Site "Romania"]
[Date "1994.??.??"]
[Round "?"]
[White "Orita, Ana Maria"]
[Black "Mereacre, Natasa"]
[Result "1-0"]
[WhiteElo "2040"]
[BlackElo "2115"]
[PlyCount "39"]
[EventDate "1994.??.??"]
[EventType "team"]
[EventRounds "10"]
[EventCountry "ROU"]
[SourceTitle "EXT 1997"]
[Source "ChessBase"]
[SourceDate "1996.11.15"]
[SourceVersion "1"]
[SourceVersionDate "1996.11.15"]
[SourceQuality "1"]

1. d4 Nf6 2. c4 e6 3. Nf3 Bb4+ 4. Nbd2 Ne4 5. a3 Bxd2+ 6. Nxd2 Nxd2 7. Bxd2 Nc6 8. Bc3 0-0 9. e3 d5 10. Qf3 Qf6 11. Qg3 Qg6 12. Qxg6 fxg6 13. f4 Bd7 14. Bd3 Rae8 15. 0-0 Bc8 16. e4 e5 17. fxe5 Rxf1+ 18. Rxf1 dxe4 19. d5 Nb8 20. Bxe4 1-0

[Event "ROM-chT"]
[Site "Romania"]
[Date "1993.??.??"]
[Round "5"]
[White "Orita, Ana Maria"]
[Black "Negulescu, Adrian"]
[Result "1/2-1/2"]
[WhiteElo "2035"]
[BlackElo "2425"]
[PlyCount "98"]
[EventDate "1993.??.??"]
[EventType "team"]
[EventRounds "9"]
[EventCountry "ROU"]
[SourceTitle "EXT 1998"]
[Source "ChessBase"]
[SourceDate "1997.11.17"]
[SourceVersion "1"]
[SourceVersionDate "1997.11.17"]
[SourceQuality "1"]

1. d4 Nf6 2. c4 g6 3. Nc3 Bg7 4. Nf3 0-0 5. Bf4 c5 6. e3 cxd4 7. exd4 d5 8. h3 Nc6 9. Ne5 Qb6 10. Nxc6 bxc6 11. Qd2 Ba6 12. c5 Qb7 13. Bxa6 Qxa6 14. Qe2 Qb7 15. Be5 Rfe8 16. 0-0 Nh5 17. Bxg7 Nxg7 18. g4 Qb4 19. Rad1 Ne6 20. a3 Qb8 21. b4 Qf4 22. Qe3 a6 23. Rfe1 Ng5 24. Kg2 Qxe3 25. Rxe3 Ne6 26. Kg3 g5 27. Na4 a5 28. Nb6 Ra7 29. Rb3 axb4 30. axb4 Nc7 31. Nd7 f6 32. Nb6 Nb5 33. h4 h6 34. hxg5 hxg5 35. f4 e5 36. fxg5 fxg5 37. dxe5 Rxe5 38. Rf1 Kg7 39. Rbf3 Ra3 40. Rxa3 Nxa3 41. Rf3 Nb5 42. Nd7 Re7 43. Nf6 Nd4 44. Nh5+ Kg6 45. Rf6+ Kh7 46. Rd6 Re3+ 47. Kf2 Rb3 48. Nf6+ Kg7 49. Nxd5 cxd5 1/2-1/2

[Event "Wch U20 Girls"]
[Site "Mamaia"]
[Date "1991.??.??"]
[Round "?"]
[White "Orita, Ana Maria"]
[Black "Repkova, Eva"]
[Result "1-0"]
[WhiteElo "2025"]
[BlackElo "2170"]
[PlyCount "111"]
[EventDate "1991.08.??"]
[EventType "swiss"]
[EventRounds "13"]
[EventCountry "ROU"]
[SourceTitle "EXT 1997"]
[Source "ChessBase"]
[SourceDate "1996.11.15"]
[SourceVersion "1"]
[SourceVersionDate "1996.11.15"]
[SourceQuality "1"]

1. d4 Nf6 2. c4 g6 3. Nc3 Bg7 4. e4 d6 5. h3 0-0 6. Bg5 Nbd7 7. Bd3 c5 8. d5 a6 9. a4 h6 10. Be3 Re8 11. Qd2 Kh7 12. g4 Ng8 13. f4 e6 14. Nf3 exd5 15. cxd5 Rb8 16. h4 Ngf6 17. g5 Ng4 18. gxh6 Bxh6 19. h5 Ndf6 20. hxg6+ fxg6 21. Ng5+ Kg7 22. 0-0-0 Nxe3 23. Qxe3 Ng4 24. Qd2 Rf8 25. Rxh6 Nxh6 26. Ne6+ Bxe6 27. dxe6 Qe8 28. Rg1 Ng8 29. f5 Ne7 30. Nd5 Nxd5 31. exd5 c4 32. Rxg6+ Qxg6 33. fxg6 cxd3 34. Qxd3 Rbc8+ 35. Kb1 Rf6 36. Qg3 Rd8 37. Qg5 Re8 38. Qg3 Rd8 39. Qc3 Kxg6 40. Qc7 Rff8 41. Qxb7 Rc8 42. Qxa6 Kf6 43. a5 Ke5 44. Qd3 Ra8 45. b4 Rab8 46. Qd2 Rfc8 47. Ka2 Rc4 48. Ka3 Rd4 49. Qe2+ Kxd5 50. e7 Re4 51. Qd3+ Rd4 52. Qb3+ Rc4 53. a6 Kd4 54. Qd1+ Kc3 55. Qxd6 Rcc8 56. b5 1-0